000 00594nam a2200217Ia 4500
003 OSt
005 20240415160058.0
008 210210b1950 xxu||||| |||| 00| 0 eng d
040 _cAL
041 _aHindi
082 _a864/133
100 _aSIVANATH
_dसिवनाथ
_9160362
245 _aAcharya ramachandra sukla
_bआचार्य रामचंद्र शुक्ल
260 _aBanaras
_b-
_c1950
650 _asukla
_9160363
650 _aramachandra
_9160364
650 _aAcharya
_9160365
690 _aHindi Criticism
_9160366
906 _a023669
942 _2ddc
_cBK
999 _c148635
_d148635